01677nam a2200313 u 4500001000800000005001700008007001000025008004100035035001200076040001300088041000800101082000800109100004400117245007400161260004300235300001300278520070800291650002500999650002401024650001801048650003901066650001801105650001101123650002301134650002501157650004201182700004901224500009001273118516520260507135153.0co|||||||100125s2009 spa  a1185165 ccomduadb aspa 4a70410aMuñoz Restrepo, Luis Carlos4auteaut10aIntersecciones : aproximacion pictorica al espacio urbano de Medellin aMedellín :b[sin publicador],c2009. a1 CD-ROM3 aEl objetivo esencial de esta monografía es realizar un recorrido por las nociones fundamentales requeridas para llegar a una adecuada comprensión conceptual de lo que significa el espacio del centro de la ciudad y a través de él llegar a un acercamiento pictórico que permita contextualizar las variaciones que se presentan en el paisaje de dicho espacio. Se pretende de manera consciente encontrar intersecciones entre diferentes acontecimientos urbanos que generen elementos visuales, mostrar fenómenos de frecuencia constante, realizar síntesis formales que den cuenta de las actividades cotidianas en el centro de la ciudad y concretar la naturaleza de éste en aspectos pictóricos. 7aEspacio urbano2lemb aCentro de la ciudad aImagen urbana 7aCiudades y pueblosxHistoria2lemb aPaisaje rural aCalles aEspacio en el arte 7aArtexHistoria2lemb 7aArquitectura del paisaje urbano2lemb10aValencia Restrepo, Luís Fernando4thseths aTesis (Especialista en Artes) Universidad de Antioquia. - Título del grado otorgado